| 000 | 01029nam a2200241Ia 4500 | ||
|---|---|---|---|
| 003 | OSt | ||
| 005 | 20200714180809.0 | ||
| 008 | 191128s2010 ck aod fr 000 0 spa d | ||
| 020 | _a9788483225004 | ||
| 040 |
_aCO-JMCR _cCO-JMCR |
||
| 041 | 1 |
_aspa _heng |
|
| 082 | 0 | 4 |
_a338.5 / _bP352m _223 |
| 100 | 1 |
_aPindick, Robert, _eautor _97251 |
|
| 245 | 1 | 0 |
_aMicroeconomía / _cRobert S. Pindick y Daniel L. Rubinfeld ; Traducción y revisión técnica Esther Rabasco, Luis Toharia |
| 250 | _a7a. edición | ||
| 260 |
_aBogotá : _bPearson, _c2010 |
||
| 300 |
_axxxiii, 850 páginas : _bfotografías y gráficos a color ; _c26 cm. |
||
| 505 | 0 | _aLos mercados y los precios -- Los productores, los consumidores y los mercados competitivos -- Estructura del mercado y estrategia competitiva -- La información, los fallos del mercado y el papel del estado | |
| 650 | 1 | 4 |
_aEconomía general _97252 |
| 700 | 1 |
_aRebasco, Esther, _erevisora y traductora _94708 |
|
| 700 | 1 |
_aToharia, Luis, _erevisor y traductor _94738 |
|
| 942 |
_2ddc _cBK |
||
| 999 |
_c6376 _d6376 |
||